Decision and Control : The Meaning of Operational Research and Management Cybernetics /
Contenido: El carácter de la investigación operacional; La actividad de la investigación operacional; La conveniencia de la cibernética; Resultados.
Guardado en:
| 主要作者: | |
|---|---|
| 格式: | 圖書 |
| 語言: | 英语 |
| 出版: |
Chichester, Inglaterra :
Wiley,
2000, c1994
|
| 主題: | |
| 標簽: |
沒有標簽, 成為第一個標記此記錄!
|
MARC
| LEADER | 00000nam^a2200000^a^4500 | ||
|---|---|---|---|
| 001 | 000137047 | ||
| 005 | 20250521000000.0 | ||
| 009 | 20260310095340.155 | ||
| 020 | |a 0-471-06210-3 | ||
| 037 | |a Acervo ITESO - Biblioteca | ||
| 041 | |a ING | ||
| 082 | |a 658. 4034 |b BEE | ||
| 100 | |a Beer, Stafford |e (autor) | ||
| 240 | 1 | 1 | |a [Decisión y control: el significado de la investigación de operaciones y la administración cibernética] |
| 245 | 1 | 0 | |a Decision and Control : |b The Meaning of Operational Research and Management Cybernetics / |c S. Beer. |
| 264 | 4 | |a Chichester, Inglaterra : |b Wiley, |c 2000, c1994 | |
| 300 | |a 556 p. | ||
| 336 | |a texto |b txt |2 rdacontenido | ||
| 337 | |a sin mediación |b n |2 rdamedio | ||
| 338 | |a volumen |b nc |2 rdasoporte | ||
| 520 | |a Contenido: El carácter de la investigación operacional; La actividad de la investigación operacional; La conveniencia de la cibernética; Resultados. | ||
| 649 | |a XX | ||
| 650 | |a Automatización | ||
| 650 | |a Toma de Decisiones - |x Análisis de Información | ||
| 650 | |a Investigación de Operaciones | ||
| 650 | |a Toma de Decisiones | ||
| 650 | |a Informática | ||
| 650 | |a Cibernética | ||
| 650 | |a Proceso Administrativo - |x Dirección | ||
| 650 | |a Administración | ||
| 650 | |a Ciencias Administrativas | ||
| 910 | |a Fondo General | ||
| 920 | |a Impresos - Libros | ||
| 930 | |a Colección General | ||
| 905 | |a 101 | ||
| 901 | |a 0500065855 |b IT1 |c ACC |u 20250521 | ||
| 902 | |a https://opac.biblio.iteso.mx/vufind/Record/000137047 | ||